000 00911nam a2200253Ia 4500
003 OSt
005 20221005104556.0
006 a|||||r|||| 00| 0
007 ta
008 221004b |||||||| |||| 00| 0 urd d
020 _a9789350643143 (pbk)
_cINR 140.00
024 _a41475
037 _b283, 15/02/2019, Eastern Book Linkers
_cTextual
040 _aCRL
_cCRL
_burd
041 _2urd
_aurd
082 _aO168,1N11w, 152Q7
100 _aपंडित, प्रकाश, संपा.
245 0 _aफैज अहमद ‘फैज’
246 _aFaij ahamad ‘faija’
260 _aदिल्ली
_bराजपाल एन्ड सन्ज भारत
_c2017
300 _a126पृ0
_ccm.
942 _hO168,1N11w, 152Q7
_cTEXL
_2cc
999 _c1013145
_d1013145